Estatísticas para Todos os capitães campeões do Brasileirão

Clique aqui para jogar o quiz

Estatísticas Gerais

  • Esse quiz foi jogado 122 vezes
  • A pontuação média é 25 de 63

Estatísticas das Respostas

AnoClubeJogador% Correto
2006São PauloRogério Ceni
86%
2007São PauloRogério Ceni
86%
2008São PauloRogério Ceni
86%
2010FluminenseFred
84%
2012FluminenseFred
84%
2017CorinthiansCássio
80%
2014CruzeiroFábio
78%
2013CruzeiroFábio
78%
1983FlamengoZico
74%
1982FlamengoZico
74%
1980FlamengoZico
74%
2019FlamengoÉverton Ribeiro
73%
2016PalmeirasDudu
67%
1967PalmeirasDudu
67%
2000Vasco da GamaRomário
65%
2009FlamengoBruno
62%
2003CruzeiroAlex
58%
2005CorinthiansCarlos Tévez
57%
1997Vasco da GamaEdmundo
54%
1981GrêmioEmerson Leão
54%
1969PalmeirasAdemir da Guia
53%
1973PalmeirasAdemir da Guia
53%
1972PalmeirasAdemir da Guia
53%
2011CorinthiansAlessandro
52%
1992FlamengoJúnior
51%
1991São PauloRaí
51%
2018PalmeirasBruno Henrique
47%
1979InternacionalFalcão
47%
2015CorinthiansRalf
47%
1990CorinthiansNeto
46%
1999CorinthiansRincón
44%
1986São PauloCareca
34%
1964SantosZito
33%
1963SantosZito
33%
1962SantosZito
33%
1961SantosZito
33%
1977São PauloChicão
32%
1994PalmeirasCésar Sampaio
26%
1993PalmeirasCésar Sampaio
26%
1998CorinthiansGamarra
26%
1988BahiaBobô
24%
1976InternacionalElias Figueroa
24%
1975InternacionalElias Figueroa
24%
1965SantosCarlos Alberto Torres
21%
1968SantosCarlos Alberto Torres
21%
2004SantosRicardinho
21%
1967PalmeirasDjalma Santos
20%
1996GrêmioDinho
19%
2002SantosPaulo Almeida
16%
1995BotafogoWilson Gottardo
15%
1966CruzeiroPiazza
12%
2001Athlético-PRNem
8%
1989Vasco da GamaZé do Carmo
7%
1984FluminenseDuílio
6%
1978GuaraniÉdson
5%
1960PalmeirasJulinho Botelho
5%
1971Atlético-MGOldair
4%
1985CoritibaAlmir
3%
1959BahiaBeto
3%
1970FluminenseDenílson
3%
1987Sport RecifeEstevam Soares
3%
1974Vasco da GamaAlcir Portela
2%
1968BotafogoAfonsinho
1%

Distribuição das Pontuações

Percentil de Números Respondidos

Porcentagem de Pessoas com Cada Pontuação

Sua Pontuação Histórica

Você não jogou esse quiz